000 00555nam a2200217Ia 4500
003 OSt
005 20220928145600.0
006 a|||||r|||| 00| 0
007 ta
008 220927b |||||||| |||| 00| 0 eng d
024 _a81181
037 _cTextual
040 _aSDCL
_cSDCL
_beng
041 _2eng
_aeng
082 _aV5,6'N8, M9
100 _aBennett Robert Ed.
_9513402
245 0 _aTerritory and administration in Europe.
260 _c1989
942 _hV5,6'N8, M9
_cTEXL
_2CC
999 _c834050
_d834050